000 00712nam a22002055i 4500
001 166575
003 ES-MaACL
005 20240524063011.0
008 050919s1861 fr | |||||||| ||fre d
040 _aCAM
_bspa
_cCAM
100 1 _aTurguenev, Ivan Sergueevich,
_d1818-1883
_9133416
245 1 4 _aUne nichée de gentilshommes
_b: moeurs de a vie de province en Russie /
_cIvan Tourguenef.
260 _aParis :
_bJung-Treuttel,
_c1861 (
_eBruxelles :
_fTyp. de Veuve J. van Buggenhoudt)
300 _a305 p. ;
_c18 cm.
490 1 _aCollection Hetzel
830 0 _aCollection Hetzel
_9188385
852 _aES-MaACL
_jF-9826
_z-- Enc. hol.
999 _c166575
_d166575